Asian Capitals with no Hints - Statistics

General Stats
  • This quiz has been taken 26 times
  • The average score is 41 of 48
Answer Stats
Capital % Correct
Baghdad
100%
Beijing
100%
Beirut
100%
Jerusalem
100%
Tehran
100%
Tokyo
100%
Bangkok
95%
Doha
95%
Hanoi
95%
Islamabad
95%
Kabul
95%
Kathmandu
95%
Kuwait City
95%
Manila
95%
New Delhi
95%
Seoul
95%
Abu Dhabi
90%
Amman
90%
Ankara
90%
Dhaka
90%
Jakarta
90%
Kuala Lumpur
90%
Pyongyang
90%
Singapore
90%
Ulaanbaatar
90%
Astana
86%
Baku
86%
Phnom Penh
86%
Riyadh
86%
Sanaa
86%
Taipei
86%
Tbilisi
86%
Damascus
81%
Malé
81%
Muscat
81%
Tashkent
81%
Bishkek
71%
Dili
71%
Manama
71%
Vientiane
71%
Yerevan
71%
Bandar Seri Begawan
67%
Ashgabat
62%
Dushanbe
62%
Naypyidaw
57%
Nicosia
57%
Sri Jayawardenepura Kotte
57%
Thimphu
57%
No matching quizzes found
Score Distribution
Percent of People with Each Score
Percentile by Number Answered
Your Score History
You have not taken this quiz